LIBRARY & INFORMATION CENTRE, KCAET, TAVANUR

ONLINE PUBLIC ACCESS CATALOGUE (OPAC)

Development and Performance Evaluation of a Pneumatic potato slicer (Record no. 15715)

MARC details
000 -LEADER
fixed length control field 00485nam a22001697a 4500
003 - CONTROL NUMBER IDENTIFIER
control field OSt
082 ## - DEWEY DECIMAL CLASSIFICATION NUMBER
Classification number 664
Item number ARD/D
088 ## - REPORT NUMBER
Report number P 448
100 ## - MAIN ENTRY--AUTHOR NAME
Personal name Ardra C Babu
100 ## - MAIN ENTRY--AUTHOR NAME
Personal name Athira V S
100 ## - MAIN ENTRY--AUTHOR NAME
Personal name Fathima Rasheed
100 ## - MAIN ENTRY--AUTHOR NAME
Personal name Varada Samaraj
245 ## - TITLE STATEMENT
Title Development and Performance Evaluation of a Pneumatic potato slicer
260 ## - PUBLICATION, DISTRIBUTION, ETC. (IMPRINT)
Place of publication Tavanur
Name of publisher Department of Processing and Food Engineering
Year of publication 2019
700 ## - ADDED ENTRY--PERSONAL NAME
Personal name Prince M V ( Guide)
942 ## - ADDED ENTRY ELEMENTS (KOHA)
Koha item type Project Report
Holdings
Collection code Home library Current library Shelving location Full call number Accession Number Koha item type
Reference KAUAET KAUAET Reference 664 ARD/D P 448 Project Report
free website counter